MEASUREMENT TECHNIQUES IN MACHANICAL ENGINEERING (Record no. 585542)
[ view plain ]
| 000 -LEADER | |
|---|---|
| fixed length control field | 00270nam a22001097a 4500 |
| 082 ## - DEWEY DECIMAL CLASSIFICATION NUMBER | |
| Classification number | 621.37 SUE'M |
| 100 ## - MAIN ENTRY--PERSONAL NAME | |
| Personal name | SWEEMEY, R. J |
| 9 (RLIN) | 80646 |
| 245 ## - TITLE STATEMENT | |
| Title | MEASUREMENT TECHNIQUES IN MACHANICAL ENGINEERING |
| 260 ## - PUBLICATION, DISTRIBUTION, ETC. | |
| Place of publication, distribution, etc. | NEWYORK |
| Name of publisher, distributor, etc. | JOHN WILEY |
| Date of publication, distribution, etc. | 1959 |
| 300 ## - PHYSICAL DESCRIPTION | |
| Extent | 309P |
| 942 ## - ADDED ENTRY ELEMENTS (KOHA) | |
| Koha item type | Book |
| Withdrawn status | Lost status | Damaged status | Not for loan | Permanent Location | Current Location | Shelving location | Date acquired | Total Checkouts | Full call number | Barcode | Date last seen | Price effective from | Koha item type |
|---|---|---|---|---|---|---|---|---|---|---|---|---|---|
| College of Electrical & Mechanical Engineering (CEME) | College of Electrical & Mechanical Engineering (CEME) | General Stacks | 07/10/2017 | 621.37 SUE'M | CEME-4882 | 06/28/2021 | 06/28/2021 | Book |
